Dinastie europee - Este - Statistics

Statistiche generali
  • Questo quiz è stato fatto 26 volte
  • Il punteggio medio è 15 su 29
Statistiche sulle risposte
Titolo Anni Nome Eventuale epiteto % Corretto
1308-1312 Francesco Fresco
93%
1629-1658 Francesco I
93%
1662-1694 Francesco II
93%
1737-1780 Francesco III
93%
Marchese d'Este 1039-1097 Alberto Azzo II Albertazzo
87%
1388-1393 Alberto V
87%
Marchese di Ferrara 1209-1212 Azzo VI Azzolino
60%
1215-1264 Azzo VII Azzo Novello
60%
Marchese di Ferrara, Modena e Reggio 1293-1308 Azzo VIII
60%
1471-1505 Ercole I Il cavaliere senza paura
53%
1534-1559 Ercole II
53%
1780-1796 Ercole III
53%
1597-1628 Cesare
47%
1505-1534 Alfonso I Il duca artigliere
40%
Duca di Modena e Reggio 1559-1597 Alfonso II
40%
1628-1629 Alfonso III
40%
1658-1662 Alfonso IV
40%
Duca di Ferrara, Modena e Reggio 1450-1471 Borso
40%
1212-1215 Aldobrandino I
33%
Marchese di Ferrara 1317-1326* Aldobrandino II
33%
Marchese di Ferrara e Modena 1352-1361 Aldobrandino III
33%
1441-1450 Leonello
33%
1361-1388 Niccolò II Lo Zoppo
33%
Marchese di Ferrara, Modena e Reggio 1393-1441 Niccolò III
33%
1136-1193 Obizzo I
33%
1264-1293 Obizzo II
33%
Signore di Ferrara, Modena e Reggio 1317-1352* Obizzo III
33%
1695-1737 Rinaldo
33%
1097-1136 Folco I
20%
Nessun quiz corrispondente trovato
Distribuzione punteggi
Percentuale di utenti per punteggio
Percentile per numero di risposta
I tuoi punteggi nel tempo
Non hai fatto questo quiz